| 000 | 00492cam a2200193ua 4500 | ||
|---|---|---|---|
| 020 | _c24.00 | ||
| 041 |
_aeng _h |
||
| 082 |
_a547 _bMAN/PR |
||
| 100 | _aMann, Frederick George . | ||
| 245 |
_aPractical organic chemistry / _cFrederick George Mann. _hTextual Documents |
||
| 250 |
_a4 / _b. |
||
| 260 |
_aLondon : _bLongman Green and Co , _c1962. |
||
| 300 | _a585 ; . | ||
| 365 | _a24.00 | ||
| 504 | _a | ||
| 700 | 1 | _aSaunders, Bernard . | |
| 942 | _cBK | ||
| 999 |
_c7545 _d7545 |
||